00720nam a2200181 a 450000100100000000500170001000800410002704000250006808200220009310000440011524500500015926000750020930000200028450400740030450500750037865000430045365000420049600002315920200930022027.0101129s1968 pr r 000 p spa d aDO-SdBNPbspacBNPHU aPR861.42bR696ó1 aRodríguez de Tió, Lola,d1843-1924.10aObras completas /cLola Rodríguez de Tió. aSan Juan, Puerto Rico :bInstituto de Cultura Puertorriqueña,c1968. av.1 ; :b22 cm. aIncluye referencias bibliográficas y notas al pie de las páginas.0 aMis cantares -- Claros y nieblas -- Mi libro de Cuba -- 10 de Octubre. 4aPoesía puertorriqueñaxColecciones 4aLiteratura puertorriqueñaySIGLO XX